000 00775nam a22002417a 4500
003 UA-OsUOA
001 39738
007 ta
008 20080516b un ||||| |||| 00| 0 ukr d
090 _a086
_bД63
942 _cBK
040 _aUA-OsUOA
_bukr
_cUA-OsUOA
_dUA-OsUOA
245 _aДокументи і матеріали з історії Організації Українських Націоналістів
_bТом 2
300 _a534 с.
955 _a1
041 _aukr
080 _a086
020 _a978-966-7018-63-4
260 _aК.
_bВидавництво ім. О. Теліги
_c2007
246 3 1 _aЧастина 2
_nЛистування Є. Коновальця з Д. Андрієвським (1927 - 1934 рр.)
650 7 _2UDC
999 _c438247
_d438247